000 00288nam a22001337a 4500
008 170727b xxu||||| |||| 00| 0 eng d
020 _a9780256197440
041 _aeng
080 _a004
100 _a31
101 _aSHK
245 _aC++ PROGRAM DESIGN
_cCOHOON,J.P
942 _2udc
_cBK
999 _c22023
_d22023